Dlhodobý nehmotný majetok v účtovníctve podnikateľských subjektov v Slovenskej a Českej republike bakalárska práca

Enregistré dans:
Détails bibliographiques
Auteur principal: Grófová, Beáta
Collectivité auteur: Fakulta hospodárskej informatiky EU. Katedra účtovníctva a audítorstva
Autres auteurs: Krišková, Zuzana
Format: Livre
Langue:slovaque
Publié: Bratislava 2011
Tags: Ajouter un tag
Pas de tags, Soyez le premier à ajouter un tag!

MARC

LEADER 00000nbm a2200000 4500
001 0141192
005 20161109111741.1
041 0 |a slo 
044 |a SK 
245 1 0 |a Dlhodobý nehmotný majetok v účtovníctve podnikateľských subjektov v Slovenskej a Českej republike  |b bakalárska práca  |c Beáta Grófová ; školiteľ: Zuzana Krišková 
264 1 |a Bratislava  |c 2011 
300 |a 44 s. 
100 1 |a Grófová, Beáta 
700 1 |a Krišková, Zuzana 
710 2 |a Fakulta hospodárskej informatiky EU. Katedra účtovníctva a audítorstva